000 00304nam a22001337a 4500
008 180226b xxu||||| |||| 00| 0 eng d
020 _a1555422772
041 _aeng
080 _a37
100 _a25
101 _aEDU
245 _aHow administrations can improve teaching
_cSeldin,P
942 _2udc
_cBK
999 _c43471
_d43471